[Event "RUS-ch Women Rapid 2019"]
[Site "Sochi"]
[Date "2019.10.16"]
[Round "9.1"]
[White "Pogonina, Natalija"]
[Black "Bodnaruk, Anastasia"]
[Result "1-0"]
[WhiteElo "2501"]
[BlackElo "2449"]
[Annotator "TA"]
[PlyCount "57"]
[EventDate "2019.10.15"]
[EventType "swiss"]
[EventCountry "RUS"]
[SourceTitle "playchess.com"]
[Source "ChessBase"]
[SourceQuality "1"]

{[%evp 9,127,12,25,18,22,18,55,-3,22,12,18,8,18,0,0,0,0,-1,0,-27,-29,-20,36,23,58,43,45,33,73,66,76,34,92,56,58,63,77,66,110,111,143,130,147,146,304,295,283,303,410,246,255,242,242,243,243,244,241,234,246,246,844,815,808,672,668,656,637,630,575,533,440,389,347,203,477,354,933,674,633,618,5074,5074,5073,5073,4134,5061,1658,1283,1164,1278,1248,1091,810,705,1323,1099,877,710,664,491,2916,2808,735,642,29975,29976,29976,29977,29976,29978,29977,29979,29981,29982,29982,29983,29983,29984,29984,29984]} 1. Nf3 Nf6 2. d4 g6 3. e3 Bg7 4. Be2 d5 (4... O-O 5. O-O d5 6. b3 c5 7. Bb2 cxd4 8. Nxd4 b6 9. Nd2 Bb7 10. c4 Nbd7 11. Rc1 Rc8 12. N2f3 a6 13. cxd5 Nxd5 14. Rxc8 Qxc8 15. Qa1 Qa8 16. Rd1 {½-½ (39) Kramnik,V (2753)-Nepomniachtchi,I (2774) Amsterdam 2019}) 5. c4 O-O 6. cxd5 {A48: 1 d4 Nf6 2 Nf3 g6: Torre, London and Colle Systems} Nxd5 7. O-O b6 8. Nc3 (8. e4 $14 Nf6 9. Nc3) 8... Bb7 9. Bd2 e6 10. Qc2 Nd7 11. e4 Nxc3 12. Bxc3 c5 13. Rfd1 $146 {[%mdl 2048] White is pushing.} ({Predecessor:} 13. Rad1 Qe7 14. d5 exd5 15. exd5 Qd6 {½-½ (31) Lou,Y (2453)-Xu,X (2243) China 2015}) 13... Qe7 14. d5 exd5 15. exd5 Bxc3 (15... Nf6 $11) 16. bxc3 $14 Qd6 17. c4 Rfe8 18. a4 Re7 19. Bd3 Rae8 20. Qc3 h6 ({Better is} 20... Nf6 $14) 21. Rab1 Bc8 22. a5 bxa5 23. Qxa5 Nb6 24. h3 Qf4 25. Qxc5 Bxh3 26. Qd4 Re4 $2 (26... Qxd4 $16 {might work better.} 27. Nxd4 Bd7) 27. Bxe4 $18 Rxe4 28. Qd3 Qg4 {[%csl Gh3][%cal Rg4g2] [#]} 29. Qf1 {Played: Nf3-h4} 1-0

[Event "RUS-ch Women Rapid 2019"]
[Site "Sochi"]
[Date "2019.10.16"]
[Round "9.2"]
[White "Voit, Daria"]
[Black "Goltseva, Ekaterina"]
[Result "1-0"]
[WhiteElo "2361"]
[BlackElo "2317"]
[Annotator "NA"]
[PlyCount "69"]
[EventDate "2019.10.15"]
[EventType "swiss"]
[EventCountry "RUS"]
[SourceTitle "playchess.com"]
[Source "ChessBase"]
[SourceQuality "1"]
[TimeControl "900+10"]

1. Nf3 {[%emt 0:00:01]} d5 {[%emt 0:00:00]} 2. c4 {[%emt 0:00:02]} d4 {[%emt 0:00:00]} 3. g3 {[%emt 0:00:09]} c5 {[%emt 0:00:06]} 4. Bg2 {[%emt 0:00:01]} Nf6 {[%emt 0:00:24]} 5. d3 {[%emt 0:00:08]} Nc6 {[%emt 0:00:37]} 6. e3 {[%emt 0:00:08]} e5 {[%emt 0:02:17]} 7. O-O {[%emt 0:00:10]} Be7 {[%emt 0:00:15]} 8. exd4 {[%emt 0:00:03]} cxd4 {[%emt 0:01:10]} 9. Re1 {[%emt 0:00:59]} Nd7 {[%emt 0:00:16]} 10. Na3 {[%emt 0:00:02]} O-O {[%emt 0:00:21]} 11. Nc2 {[%emt 0:00:03]} a5 {[%emt 0:01:38]} 12. Na3 {[%emt 0:00:07]} Kh8 {[%emt 0:01:00]} 13. Nb5 {[%emt 0:00:06]} f6 {[%emt 0:01:23]} 14. Nd2 {[%emt 0:01:37]} Nc5 {[%emt 0:00:23]} 15. Ne4 {[%emt 0:00:02]} Ne6 {[%emt 0:01:25]} 16. f4 {[%emt 0:04:13]} f5 {[%emt 0:00:48]} 17. Nf2 {[%emt 0:00:02]} exf4 {[%emt 0:00:11]} 18. Bxf4 {[%emt 0:01:00]} Nxf4 {[%emt 0:00:06]} 19. gxf4 {[%emt 0:00:04]} g5 {[%emt 0:00:45]} 20. Qf3 {[%emt 0:02:55]} Nb4 {[%emt 0:01:11]} 21. Qe2 {[%emt 0:00:04]} Bf6 {[%emt 0:00:29]} 22. a3 {[%emt 0:00:38]} Nc6 {[%emt 0:00:05]} 23. c5 {[%emt 0:03:08]} gxf4 {[%emt 0:01:09]} 24. Nh3 {[%emt 0:00:13]} Bh4 {[%emt 0:02:00]} 25. Rf1 {[%emt 0:00:01]} Re8 {[%emt 0:00:31]} 26. Qh5 {[%emt 0:00:24]} Qe7 {[%emt 0:00:09]} 27. Nc7 {[%emt 0:02:08]} Bd7 {[%emt 0:00:31]} 28. Nxf4 {[%emt 0:00:30]} Rg8 {[%emt 0:00:05]} 29. Nxa8 {[%emt 0:00:06]} Ne5 {[%emt 0:00:20]} 30. Nb6 {[%emt 0:00:20]} Bc6 {[%emt 0:00:05]} 31. Nbd5 {[%emt 0:00:03]} Qd8 {[%emt 0:00:08]} 32. Qxf5 {[%emt 0:00:18]} Nxd3 {[%emt 0:00:21]} 33. Qxd3 {[%emt 0:00:08]} Bxd5 {[%emt 0:00:01]} 34. Qxd4+ {[%emt 0:00:07]} Bf6 {[%emt 0:00:09]} 35. Qxd5 {[%emt 0:00:02]} 1-0

[Event "RUS-ch Women Rapid 2019"]
[Site "Sochi"]
[Date "2019.10.16"]
[Round "9.3"]
[White "Charochkina, Daria"]
[Black "Ambartsumova, Karina"]
[Result "1-0"]
[WhiteElo "2289"]
[BlackElo "2336"]
[Annotator "TA"]
[PlyCount "133"]
[EventDate "2019.10.15"]
[EventType "swiss"]
[EventCountry "RUS"]
[SourceTitle "playchess.com"]
[Source "ChessBase"]
[SourceQuality "1"]

{[%evp 12,133,15,15,30,7,30,30,25,18,23,14,10,3,15,0,0,0,0,0,0,0,16,5,26,9,22,7,16,0,2,0,40,21,35,27,43,25,22,13,14,0,12,0,0,0,0,0,0,0,0,0,0,0,0,-11,121,0,95,95,94,83,186,94,87,93,100,104,52,92,108,0,0,-454,-454,-740,-739,-723,-676,-652,-55,-71,528,-468,-468,-433,792,763,652,70,75,-860,847,99,97,93,101,77,171,118,315,-8,423,423,453,462,432,433,441,449,493,510,513,506,519,518,570,426,461,457,1638,1664,1706,1693]} 1. d4 d5 2. c4 e6 3. Nc3 Nf6 4. cxd5 exd5 5. Bg5 c6 6. e3 Be7 7. Qc2 Nbd7 {D36: Queen's Gambit Declined: Exchange Variation: Main line (5 Bg5 c6 6 Qc2)} 8. h3 (8. Bd3 Nh5 9. Bxe7 Qxe7 10. Nge2 Nb6 11. O-O-O g6 12. Kb1 Bd7 13. Nc1 Ng7 14. h4 O-O-O 15. Nb3 Bf5 16. Nc5 Kb8 17. N3a4 Rd6 18. Bxf5 Nxf5 19. h5 Rf6 20. e4 Ng7 {1-0 (54) Harikrishna,P (2746)-Fedoseev,V (2664) Khanty-Mansiysk 2019}) 8... Nh5 9. Bxe7 Qxe7 {White has an edge.} 10. Nf3 Nb6 11. g4 Nf6 12. O-O-O Be6 13. Ne5 Nfd7 14. Nd3 $146 ({Predecessor:} 14. f4 f6 15. Nxd7 Bxd7 16. e4 dxe4 17. Qxe4 Qxe4 18. Nxe4 {½-½ (64) Cernousek,L (2459)-Krejci,J (2521) Vienna 2015}) 14... O-O-O 15. Be2 Kb8 16. Kb1 Rc8 17. Qb3 f6 18. Ka1 Rhe8 19. Rc1 Bf7 20. Rhe1 g5 21. Qd1 c5 22. dxc5 Nxc5 23. Nxc5 Rxc5 24. Bd3 h6 25. Bf5 Be6 26. Bxe6 Qxe6 27. Qd3 Rec8 28. Rcd1 Qe5 29. Qd4 Rc4 30. Qd2 R4c5 31. f4 Qc7 32. Qd4 Qe7 33. f5 Qf7 (33... Rc4 $11 {remains equal.} 34. Qd3 (34. Nxd5 Qd8 $17) 34... Qe5) 34. Qd3 ({White has to play} 34. e4 $16) 34... Rc4 (34... Nc4 $11 {keeps the balance.}) 35. e4 $1 $16 {[%cal Re4d5]} d4 36. Nb5 {[%cal Bc3b5,Bb5c7,Bc7e6][%mdl 32]} Rd8 (36... Ra4 $2 37. b3 $18) (36... Qd7 $16 37. b3 (37. Nxd4 $2 Rd8 $19) 37... Rb4) 37. Rc1 ({Much less strong is} 37. Qa3 $6 a6 $16) (37. Qg3+ $18 Ka8 38. b3) 37... a6 38. Qg3+ Ka8 39. Nc7+ $1 Ka7 40. Ne6 $1 {[%cal Re6d8]} Rdc8 41. Rcd1 (41. Rxc4 $16 Nxc4 42. Qg1 (42. Nxd4 Qe7 $14)) 41... Qd7 $1 $11 {Strongly threatening ...d3.} 42. e5 $2 {[%mdl 8192]} (42. Qd3 $11) 42... fxe5 $19 43. Qxe5 (43. a3 $142 e4 44. Qe5) 43... d3 $1 44. b3 Rc2 {Hoping for ...d2.} 45. Nd4 {[#]} R2c3 $2 (45... Re8 $3 $19 {[%mdl 512]} 46. Ne6 (46. Qxe8 Qxd4+) 46... Qe7 $1 {[%mdl 512]}) 46. f6 $15 Re8 $2 {[%mdl 8192] [#]} (46... R8c5 $17 47. Qe3 Nd5 {[%mdl 64] Double Attack}) 47. Qxe8 $4 {[%mdl 8192]} (47. Nb5+ $1 $18 {[%mdl 512] is the narrow road to win.} axb5 48. Qxc3 Rxe1 49. Qa5+ Kb8 50. Qxe1 Qd4+ 51. Kb1 Qxf6 52. Qe8+ Kc7 53. Rc1+ Kd6 54. Qb8+ Ke7 55. Re1+ Kd7 56. Qxb7+ Kd8 57. Qe4) 47... Qxd4 $19 {[%cal Rc3b3]} 48. Kb1 {aiming for Qe5.} Rc2 $4 {[%mdl 8192]} (48... d2 $19 49. Qe4 dxe1=Q 50. Qxd4 Qe2 51. Qxc3 Qxd1+ 52. Kb2 Qe2+ 53. Qc2 Qe5+ {[%mdl 64] Double Attack} 54. Qc3 Qh2+ 55. Kc1 Qf2) 49. Qe5 $18 Qf2 50. f7 $2 (50. Rxd3 $18 Rxa2 51. Rc1) 50... Rxa2 $14 {[%csl Ga2,Gd3][%cal Rf2c2]} 51. Qc3 $2 {[%mdl 8192]} (51. Rc1 $16 Ra3 52. Qb2) 51... Ra3 $4 {[%mdl 8192]} (51... Nd5 $19 52. Qc1 Rc2 53. Rxd3 Rxc1+ 54. Rxc1 Nb4) 52. f8=Q $2 (52. Qb2 $18 {and the rest is easy.} d2 53. Rf1) 52... Qxf8 $16 53. Rxd3 Qf2 54. Red1 Qa2+ 55. Kc1 Na4 $2 (55... Ra5 $16 {is a better defense.}) 56. Qc2 $2 (56. Qd4+ $18 Nb6 57. Qb2) 56... Qxc2+ $4 {[%mdl 8192]} (56... Qa1+ $1 $11 57. Kd2 Qe5) 57. Kxc2 $11 {[%mdl 4096] Endgame KRR-KRN. White is clearly winning.} Nc5 58. Re3 Ra2+ 59. Kc3 a5 60. Rd6 a4 61. bxa4 Rxa4 62. Rxh6 b6 63. Rg6 Ka6 64. Kb2 Rb4+ 65. Kc2 Rc4+ (65... Re4 $142) 66. Rc3 $18 Rf4 67. Rxc5 {Accuracy: White = 35%, Black = 35%.} 1-0

[Event "RUS-ch Women Rapid 2019"]
[Site "Sochi"]
[Date "2019.10.16"]
[Round "9.4"]
[White "Guseva, Marina"]
[Black "Chernyak, Viktoria"]
[Result "0-1"]
[WhiteElo "2335"]
[BlackElo "2284"]
[Annotator "NA"]
[PlyCount "86"]
[EventDate "2019.10.15"]
[EventType "swiss"]
[EventCountry "RUS"]
[SourceTitle "playchess.com"]
[Source "ChessBase"]
[SourceQuality "1"]
[TimeControl "900+10"]

1. d4 {[%emt 0:00:00]} d5 {[%emt 0:00:00]} 2. c4 {[%emt 0:00:00]} e6 {[%emt 0:00:00]} 3. Nc3 {[%emt 0:00:00]} Nf6 {[%emt 0:00:00]} 4. cxd5 {[%emt 0:00:00]} exd5 {[%emt 0:00:00]} 5. Bg5 {[%emt 0:00:00]} Bb4 {[%emt 0:00:00]} 6. e3 {[%emt 0:00:02]} h6 {[%emt 0:00:00]} 7. Bh4 {[%emt 0:00:02]} g5 {[%emt 0:00:18]} 8. Bg3 {[%emt 0:00:01]} Ne4 {[%emt 0:00:03]} 9. Nge2 {[%emt 0:00:14]} h5 {[%emt 0:01:35]} 10. h3 {[%emt 0:00:08]} Nxg3 {[%emt 0:00:24]} 11. Nxg3 {[%emt 0:00:03]} h4 {[%emt 0:00:04]} 12. Nge2 {[%emt 0:00:41]} c6 {[%emt 0:00:25]} 13. Qc2 {[%emt 0:00:24]} Be6 {[%emt 0:00:18]} 14. O-O-O {[%emt 0:00:12]} Nd7 {[%emt 0:01:50]} 15. Kb1 {[%emt 0:00:29]} Bd6 {[%emt 0:01:10]} 16. e4 {[%emt 0:01:55]} dxe4 {[%emt 0:00:29]} 17. Nxe4 {[%emt 0:00:03]} Be7 {[%emt 0:00:09]} 18. N2c3 {[%emt 0:00:21]} Qa5 {[%emt 0:00:23]} 19. Be2 {[%emt 0:00:51]} Nb6 {[%emt 0:00:25]} 20. Nc5 {[%emt 0:04:35]} Bxc5 {[%emt 0:00:47]} 21. dxc5 {[%emt 0:00:02]} Qxc5 {[%emt 0:00:07]} 22. Bg4 {[%emt 0:00:03]} f5 {[%emt 0:01:30]} 23. Rhe1 {[%emt 0:00:48]} Kf7 {[%emt 0:00:03]} 24. Qe2 {[%emt 0:02:36]} Rh6 {[%emt 0:00:39]} 25. Bh5+ {[%emt 0:02:47]} Kg7 {[%emt 0:00:31]} 26. f4 {[%emt 0:00:51]} gxf4 {[%emt 0:00:34]} 27. Qd2 {[%emt 0:01:25]} Nd5 {[%emt 0:02:29]} 28. Nxd5 {[%emt 0:00:10]} Bxd5 {[%emt 0:00:35]} 29. Bf3 {[%emt 0:00:18]} Qd6 {[%emt 0:02:21]} 30. Bxd5 {[%emt 0:00:24]} cxd5 {[%emt 0:00:03]} 31. Qc3+ {[%emt 0:00:10]} Rf6 {[%emt 0:00:51]} 32. Rd4 {[%emt 0:00:25]} Qc6 {[%emt 0:00:07]} 33. Qd2 {[%emt 0:00:03]} Re8 {[%emt 0:00:23]} 34. Rc1 {[%emt 0:00:05]} Qe6 {[%emt 0:00:33]} 35. Qxf4 {[%emt 0:00:02]} Qe3 {[%emt 0:00:06]} 36. Qxh4 {[%emt 0:00:34]} Rf7 {[%emt 0:00:49]} 37. Rf4 {[%emt 0:00:09]} Re6 {[%emt 0:00:26]} 38. Rcf1 {[%emt 0:00:16]} Rg6 {[%emt 0:00:29]} 39. Ka1 {[%emt 0:00:08]} Rxg2 {[%emt 0:00:03]} 40. a3 {[%emt 0:00:04]} Rc7 {[%emt 0:00:23]} 41. Rxf5 {[%emt 0:00:09]} Rc1+ {[%emt 0:00:06]} 42. Ka2 {[%emt 0:00:09]} Rxb2+ {[%emt 0:00:11]} 43. Kxb2 {[%emt 0:00:01]} Qc3+ {[%emt 0:00:01]} 0-1

[Event "RUS-ch Women Rapid 2019"]
[Site "Sochi"]
[Date "2019.10.16"]
[Round "9.5"]
[White "Sukhareva, Evgeniya"]
[Black "Styazhkina, Anna"]
[Result "1-0"]
[WhiteElo "2122"]
[BlackElo "2280"]
[Annotator "TA"]
[PlyCount "103"]
[EventDate "2019.10.15"]
[EventType "swiss"]
[EventCountry "RUS"]
[SourceTitle "playchess.com"]
[Source "ChessBase"]
[SourceQuality "1"]

{[%evp 23,103,12,25,0,37,5,19,16,15,4,7,12,17,11,13,0,0,0,6,0,0,0,0,-49,-68,-70,-81,-126,-124,-95,-92,-220,-118,-103,-95,-107,-106,-156,-149,-151,-105,-147,-39,-151,-152,-139,-93,-86,-94,-96,-61,-123,18,0,0,-29,30,29,42,51,197,168,1187,1115,1734,1620,12840,12839,12840,12840,12841,12841,12843,12841,12841,12840,12844,12844,12845,12845,12845,12846]} 1. d4 d5 2. Nf3 Nf6 3. c4 c6 4. cxd5 cxd5 5. Nc3 Nc6 6. Bf4 a6 7. e3 Bg4 8. Be2 e6 9. O-O Be7 10. Rc1 $146 ({Predecessor:} 10. h3 Bxf3 11. Bxf3 O-O {½-½ (14) Mirzoev,A (2481)-Esen,B (2553) Konya 2011}) 10... O-O 11. h3 Bxf3 12. Bxf3 Rc8 13. Be2 {D13: Slav Defence: Exchange variation without ...Bf5} Nd7 14. Bd3 h6 15. Bb1 {The position is equal.} Nb6 16. Qd3 {[%csl Gb1][%cal Rd3h7]} f5 17. Qe2 Bf6 18. Rfd1 Qd7 19. f3 Rfd8 20. Qf2 Kh8 21. Qe2 g5 22. Bh2 Qg7 23. g4 {[#]} f4 $1 {[%mdl 512]} 24. exf4 Nxd4 25. Qg2 Nc4 26. Rd3 Rf8 {Hoping for ...gxf4.} 27. Rcd1 (27. Rf1 $17) 27... Nxb2 (27... gxf4 $19 {aiming for ...Ne3.} 28. Bxf4 Nc6) 28. Qxb2 $17 Nb5 {[%cal Rb5c3]} 29. fxg5 hxg5 {[%cal Rb5c3]} ({Don't play} 29... Bxc3 $6 30. gxh6 Bxb2 31. hxg7+ Bxg7 32. h4 $11) 30. Qf2 {Black must now prevent Nxb5.} Nxc3 31. Re1 Rc4 32. Kg2 Rfc8 {[#]} (32... e5 $17 {Threatens to win with ...e4.} 33. Qb6 a5 $1 {[%mdl 512]}) 33. Bg3 ({White should play} 33. Rxc3 $1 $15 {[%mdl 512]} Rxc3 34. Rxe6) 33... Nxb1 34. Rxb1 Rc2 35. Rd2 Qg6 {And now ...Rxd2 would win.} 36. Rbd1 d4 37. h4 (37. Qe1 $15) 37... d3 (37... gxh4 $17 38. Bxh4 Bg7 39. Rxc2 Rxc2) 38. Qe3 {Black should prevent h5.} gxh4 39. Bf4 R8c6 (39... Bg7 $142) 40. Kh3 $11 Rxd2 41. Rxd2 Rc3 (41... Kg8 $14) 42. Qxe6 $18 Kg7 $2 {[#]} (42... Rc6 43. Qd5 Rc8) 43. g5 $1 {[%cal Rg5f6] White is clearly winning.} Bd4 44. Be5+ Bxe5 45. Qxe5+ {[%mdl 64] Double Attack} Kf7 46. Qxc3 {[%mdl 4096] Endgame} Qf5+ 47. Kg2 Qxg5+ 48. Kf2 Qg3+ 49. Ke3 h3 50. Qc4+ Ke7 51. Qe4+ Kf6 52. Qf4+ {Accuracy: White = 39%, Black = 25%.} 1-0

[Event "RUS-ch Women Rapid 2019"]
[Site "Sochi"]
[Date "2019.10.16"]
[Round "9.6"]
[White "Bivol, Alina"]
[Black "Lysenko, Margarita"]
[Result "1/2-1/2"]
[WhiteElo "2283"]
[BlackElo "2243"]
[Annotator "NA"]
[PlyCount "104"]
[EventDate "2019.10.15"]
[EventType "swiss"]
[EventCountry "RUS"]
[SourceTitle "playchess.com"]
[Source "ChessBase"]
[SourceQuality "1"]
[TimeControl "900+10"]

1. c4 {[%emt 0:00:00]} e5 {[%emt 0:00:00]} 2. g3 {[%emt 0:00:00]} Nf6 {[%emt 0:00:03]} 3. Bg2 {[%emt 0:00:00]} d5 {[%emt 0:00:04]} 4. cxd5 {[%emt 0:00:00]} Nxd5 {[%emt 0:00:01]} 5. Nc3 {[%emt 0:00:00]} Nb6 {[%emt 0:00:05]} 6. Nf3 {[%emt 0:00:10]} Nc6 {[%emt 0:00:04]} 7. O-O {[%emt 0:00:29]} Be7 {[%emt 0:00:07]} 8. a4 {[%emt 0:00:42]} a5 {[%emt 0:00:26]} 9. d4 {[%emt 0:00:12]} exd4 {[%emt 0:00:41]} 10. Nb5 {[%emt 0:00:01]} O-O {[%emt 0:03:12]} 11. Nfxd4 {[%emt 0:00:25]} Nxd4 {[%emt 0:00:04]} 12. Qxd4 {[%emt 0:00:53]} Qxd4 {[%emt 0:02:38]} 13. Nxd4 {[%emt 0:00:02]} c6 {[%emt 0:00:02]} 14. Bd2 {[%emt 0:03:05]} Rd8 {[%emt 0:01:47]} 15. Bc3 {[%emt 0:00:01]} Nd5 {[%emt 0:00:17]} 16. Rfd1 {[%emt 0:00:04]} h5 {[%emt 0:05:31]} 17. Be1 {[%emt 0:01:16]} h4 {[%emt 0:00:52]} 18. Nb3 {[%emt 0:00:17]} hxg3 {[%emt 0:00:21]} 19. hxg3 {[%emt 0:00:13]} Nb4 {[%emt 0:00:11]} 20. Rxd8+ {[%emt 0:00:30]} Bxd8 {[%emt 0:00:01]} 21. Rd1 {[%emt 0:00:01]} Bb6 {[%emt 0:00:18]} 22. Bc3 {[%emt 0:00:53]} Be6 {[%emt 0:00:17]} 23. Nc1 {[%emt 0:00:48]} Rd8 {[%emt 0:00:46]} 24. Rxd8+ {[%emt 0:00:03]} Bxd8 {[%emt 0:00:01]} 25. e4 {[%emt 0:00:20]} Na2 {[%emt 0:00:23]} 26. Nxa2 {[%emt 0:01:59]} Bxa2 {[%emt 0:00:02]} 27. b4 {[%emt 0:00:05]} axb4 28. Bxb4 b6 {[%emt 0:01:00]} 29. e5 {[%emt 0:00:23]} c5 {[%emt 0:00:01]} 30. Bc3 {[%emt 0:00:06]} f6 {[%emt 0:00:16]} 31. f4 {[%emt 0:00:15]} Kf7 {[%emt 0:00:14]} 32. Kf2 {[%emt 0:00:09]} Ke6 {[%emt 0:00:10]} 33. Ke3 {[%emt 0:00:28]} Bb3 {[%emt 0:00:12]} 34. Bc6 {[%emt 0:00:46]} Bc7 {[%emt 0:00:12]} 35. exf6 {[%emt 0:00:08]} gxf6 {[%emt 0:00:02]} 36. g4 {[%emt 0:00:18]} Bd1 {[%emt 0:00:17]} 37. f5+ {[%emt 0:01:38]} Ke7 {[%emt 0:00:11]} 38. g5 {[%emt 0:01:08]} fxg5 {[%emt 0:00:02]} 39. Bg7 {[%emt 0:00:23]} Bb3 {[%emt 0:00:18]} 40. Kf3 {[%emt 0:01:18]} Kf7 {[%emt 0:00:05]} 41. Bc3 {[%emt 0:00:31]} Bd8 {[%emt 0:00:20]} 42. Bd2 {[%emt 0:00:28]} Bf6 {[%emt 0:00:13]} 43. a5 {[%emt 0:00:02]} bxa5 {[%emt 0:00:05]} 44. Bxa5 {[%emt 0:00:01]} Bd1+ {[%emt 0:00:16]} 45. Ke3 {[%emt 0:00:12]} Bc2 {[%emt 0:00:03]} 46. Bd5+ {[%emt 0:00:18]} Kg7 {[%emt 0:00:10]} 47. Be6 {[%emt 0:00:01]} Bd4+ {[%emt 0:00:16]} 48. Ke2 {[%emt 0:00:18]} g4 {[%emt 0:00:10]} 49. f6+ {[%emt 0:00:06]} Kxf6 {[%emt 0:00:03]} 50. Bxg4 {[%emt 0:00:01]} c4 {[%emt 0:00:12]} 51. Kd2 {[%emt 0:00:01]} Bd3 {[%emt 0:00:04]} 52. Bc3 {[%emt 0:00:05]} Bxc3+ 1/2-1/2

[Event "RUS-ch Women Rapid 2019"]
[Site "Sochi"]
[Date "2019.10.16"]
[Round "9.7"]
[White "Ovod, Evgenija"]
[Black "Borisova, Ekaterina"]
[Result "1/2-1/2"]
[WhiteElo "2347"]
[BlackElo "2347"]
[Annotator "NA"]
[PlyCount "76"]
[EventDate "2019.10.15"]
[EventType "swiss"]
[EventCountry "RUS"]
[SourceTitle "playchess.com"]
[Source "ChessBase"]
[SourceQuality "1"]
[TimeControl "900+10"]

1. e4 {[%emt 0:00:00]} c5 {[%emt 0:00:00]} 2. c3 {[%emt 0:00:00]} d6 {[%emt 0:00:00]} 3. d4 {[%emt 0:00:00]} Nf6 {[%emt 0:00:01]} 4. Bd3 {[%emt 0:00:00]} g6 {[%emt 0:00:01]} 5. Nf3 {[%emt 0:00:02]} Bg7 {[%emt 0:00:01]} 6. O-O {[%emt 0:00:01]} O-O {[%emt 0:00:02]} 7. h3 {[%emt 0:00:14]} Nc6 {[%emt 0:00:01]} 8. Be3 {[%emt 0:00:09]} cxd4 {[%emt 0:00:36]} 9. cxd4 {[%emt 0:00:03]} Nb4 {[%emt 0:00:01]} 10. Nc3 {[%emt 0:00:07]} Nxd3 {[%emt 0:00:17]} 11. Qxd3 {[%emt 0:00:01]} b6 {[%emt 0:00:55]} 12. d5 {[%emt 0:00:17]} Nd7 {[%emt 0:00:06]} 13. Bd4 {[%emt 0:00:32]} Ne5 {[%emt 0:00:42]} 14. Nxe5 {[%emt 0:00:26]} dxe5 {[%emt 0:00:02]} 15. Be3 {[%emt 0:00:04]} e6 {[%emt 0:00:47]} 16. Rfd1 {[%emt 0:00:43]} exd5 {[%emt 0:00:10]} 17. Nxd5 {[%emt 0:00:03]} Be6 {[%emt 0:00:11]} 18. Qa3 {[%emt 0:00:50]} Bxd5 {[%emt 0:02:05]} 19. Rxd5 {[%emt 0:00:01]} Qh4 {[%emt 0:00:02]} 20. f3 {[%emt 0:00:00]} Rfd8 {[%emt 0:02:29]} 21. Rad1 {[%emt 0:00:22]} Rxd5 {[%emt 0:01:19]} 22. Rxd5 {[%emt 0:03:55]} h5 23. Bxb6 {[%emt 0:00:01]} Qe1+ {[%emt 0:00:45]} 24. Kh2 {[%emt 0:00:11]} Bh6 {[%emt 0:00:02]} 25. Bg1 {[%emt 0:00:07]} Bf4+ {[%emt 0:03:02]} 26. Kh1 {[%emt 0:00:04]} Rc8 {[%emt 0:00:03]} 27. Qxa7 {[%emt 0:00:10]} Qg3 28. Qe7 {[%emt 0:06:44]} Rc1 {[%emt 0:03:30]} 29. Rd8+ {[%emt 0:00:02]} Kg7 {[%emt 0:00:02]} 30. Qf8+ {[%emt 0:00:02]} Kf6 {[%emt 0:00:01]} 31. Rd6+ {[%emt 0:00:00]} Kg5 {[%emt 0:00:01]} 32. Qd8+ {[%emt 0:00:00]} Kh6 {[%emt 0:00:03]} 33. Qh8+ {[%emt 0:00:04]} Kg5 {[%emt 0:00:00]} 34. Qf6+ {[%emt 0:00:19]} Kh6 {[%emt 0:00:00]} 35. Qh8+ Kg5 {[%emt 0:00:00]} 36. Qd8+ {[%emt 0:00:49]} Kh6 {[%emt 0:00:00]} 37. Qh8+ {[%emt 0:00:06]} Kg5 38. Qf6+ Kh6 {[%emt 0:00:21]} 1/2-1/2